1289 1041 1435 1830 1681 1948 1665 1581 1038 1752 1448 1255 1728 1364 1304 1627 1566 1310 1131 1515 1186 1391 1645 1610 1888 1583 1831 1839 1718 1641 1036 1615 1937 1602 1064 1880 1580 1102 1243 1908 1073 1466 1328 1463 1508 1068 1372 1147 1609 1376 1867 1924 1527 1671 1739 1901 1068 1716 1673 1444 1283 1726 1196 1965 1622 1478 1598 1936 1428 1895 1185 1980 1163 1651 1875 1017 1607 1814 1615 1608 1120 1726 1487 1843 1268 1082 1534 1707 1757 1533 1453 1789 1293 1863 1382 1145 1555 1220 1533 BCNSPRNW ULIB Ver.6.0+V

เปลี่ยนเป็นภาษาไทย

Change to English
 แสดงรายละเอียดบรรณานุกรม
  กลับหน้าหลัก

Brief Record : Get Marc (ISO 2709) : E-mail record : QR code < ปิดหน้าต่าง
LEADER : 00000nam 2200000uu 4500
001    13399111301
003     ULIB
008    110622s||||||||th 000 0 tha d
020    9747754762
050  4 BF724^bพ253ป 2546
100 0  พรทิพย์ โรจนสุนันท์,^cคุณหญิง
245 10 เปรี้ยวหลบใน /^cคุณหญิงพรทิพย์ โรจนสุนันท์
260    กรุงเทพฯ :^bสุดสัปดาห์สำนักพิมพ์,^c2546
300    213 หน้า :^bภาพประกอบสี
650  7 จิตวิทยาวัยรุ่น
945    ^p195^l0^i017319
945    ^p195^l0^i017318
995    ทศพร
999 ^a ใช้งานได้ทุกระบบ
รายการนี้ยังไม่มีแท็ก
คุณยังไม่ได้ล็อกอิน คุณสามารถมีกิจกรรมร่วมกับเว็บไซต์ได้ แต่ต้องล็อกอินก่อน ::
  ล็อกอิน

รายการสื่อสารสนเทศ

ลำดับที่ ประเภท เลขเรียก/บาร์โค้ด สถานที่ สถานะ
- ไม่พบข้อมูล -

รายการใกล้เคียง
    หัวเรื่อง [จิตวิทยาวัยรุ่น]

BibComment


ยังไม่เคยถูกคอมเมนท์

คอมเมนท์ทรัพยากรรายการนี้
  คอมเมนท์: เปรี้ยวหลบใน คุณ..


 Copyright 2026. Bcnsprnw @Library